Online Catalogue and eLibrary

Death of a salesman (Record no. 5849)

MARC details
000 -LEADER
fixed length control field 00404nam a2200157Ia 4500
005 - DATE AND TIME OF LATEST TRANSACTION
control field 20241202020308.0
008 - FIXED-LENGTH DATA ELEMENTS--GENERAL INFORMATION
fixed length control field 240331s9999 xx 000 0 und d
020 ## - INTERNATIONAL STANDARD BOOK NUMBER
ISBN 8174763074
082 ## - DDC Classification
Item Number - Author Mark MIL
Class No. 891
100 ## - MAIN ENTRY--PERSONAL NAME
Personal name Miller, Arthur
245 #0 - TITLE STATEMENT
Title Death of a salesman
260 ## - PUBLICATION, DISTRIBUTION, ETC.
Place of publication, distribution, etc. India
Name of publisher, distributor, etc. UBS Publishers Distributors Pvt. Ltd.
Date of publication, distribution, etc. 2004
300 ## - PHYSICAL DESCRIPTION
Extent (e.g. Volumes, Pages etc.) XVI, 131 p .,
500 ## - GENERAL NOTE
General note A society story
942 ## - Koha item type (Biblio)
Koha item type Books in Stacks (Lending)
Holdings
Lost status Damaged status Collection code Home library Current library Shelving location Date acquired Full call number Accession Number Item type
    Lending WERC Library WERC Library Social Science Cupboard 03/31/2024 891.48 MIL 6837 Books in Stacks (Lending)

© WERC Library